[Event "ICS Rated blitz match"]
[Site "207.99.83.229"]
[Date "1999.07.19"]
[Round "?"]
[White "topolino"]
[Black "Hossa"]
[Result "1-0"]
[WhiteElo "2551"]
[BlackElo "2309"]
[Annotator "Fritz 5.32 (10s)"]
[PlyCount "114"]
[EventDate "1999.??.??"]

1. e4 1... Nf6 $14 (1... e5 2. Nf3 $11) 2. Nc3 $11 (2. e5 2... Nd5 $14) 2...
Nc6 3. d4 d5 4. e5 {Weiss erobert Raum} 4... Ne4 $16 (4... Nd7 5. Bb5 Nb6 6.
Nf3 $14) 5. Nxe4 dxe4 6. c3 {Deckt b4} 6... Bf5 7. Be3 Qd5 8. Qa4 e6 9. Bb5 Be7
10. Ne2 {Nun geraet Schwarz unter starken Druck.} 10... O-O 11. Nf4 Qd7 12. O-O
Bg4 13. Rae1 13... Bh4 $16 (13... Bf5 14. Qd1 $14) 14. h3 Bf5 15. g4 Bg6 16.
Bd2 h6 17. Nxg6 fxg6 18. Rxe4 Qd5 19. Re2 Qf3 20. Qc4 $16 (20. Qc2 Ne7 21. Bc4
21... Qc6 $18) 20... Nd8 $18 (20... a6 $5 21. Bxc6 $1 {
danach kommt Weiss in Vorteil} 21... bxc6 $16) 21. Qd3 (21. Qxc7 21... a6 $1 {
haelt den Vorteil fest} 22. Bc4 22... b5 $19) 21... c6 22. Bc4 b5 23. Qxf3 Rxf3
24. Bb3 a5 25. Bc2 Kh7 26. Be4 Rf7 27. f4 Ra6 28. f5 gxf5 29. gxf5 Kh8 30. fxe6
{Damit entsteht ein starker Freibauer} 30... Rxf1+ 31. Kxf1 Nxe6 32. Bf5 Nc7
33. Kg2 Nd5 34. Kf3 g5 35. b3 Ra8 (35... a4 36. Bd7 $18) 36. c4 Ne7 37. Be6
Rf8+ 38. Ke4 Ng6 (38... b4 39. d5 $18) 39. Bd7 Nf4 40. Re3 bxc4 41. bxc4 c5 42.
e6 (42. Bxa5 $6 42... cxd4 43. Ra3 43... Kg7 $18) 42... g4 (42... Ng6 {
kann das Vorangegangene nicht ungeschehen machen} 43. dxc5 (43. Bxa5 $143 43...
Bf2 44. Rd3 44... Bxd4 $18) 43... Kg8 44. c6 $18) 43. hxg4 cxd4 44. Rf3 Ng6 45.
Rxf8+ Nxf8 46. Bxh6 {g4 setzt sich schnell in Bewegung} 46... Nh7 47. Kxd4 Bd8
(47... Bf6+ {hilft auch nicht mehr} 48. Ke4 $18) 48. c5 Bf6+ (48... Nf6 {
der letzte Widerstandsversuch} 49. c6 49... Kg8 $18) 49. Kd3 Be7 50. c6 Bd6 51.
g5 {Droht entscheidend c7} 51... Nxg5 52. Bxg5 {Mit der Mattdrohung c7} 52...
Kg7 53. e7 {Es droht Matt} 53... Bxe7 54. Bxe7 Kf7 55. Bd6 {Droht Matt} 55...
Kg6 (55... Kf6 {waere gleichermassen fruchtlos} 56. c7 Kg6 57. c8=Q Kf6 58.
Qf8+ Kg6 59. Be8+ Kh7 60. Qf7+ Kh6 61. Qg6#) 56. c7 Kg5 (56... Kf6 {
macht keinen grossen Unterschied} 57. c8=Q Kf7 58. Qf8+ Kg6 59. Be8+ Kh7 60.
Qf7+ Kh6 61. Qg6#) 57. c8=Q Kh5 (57... Kf6 {waere gleichermassen fruchtlos} 58.
Qf8+ Kg6 59. Be8+ Kh7 60. Qf7+ Kh6 61. Qg6#) 1-0

[Event "ICS Rated blitz match"]
[Site "207.99.83.229"]
[Date "1999.07.19"]
[Round "?"]
[White "Hossa"]
[Black "topolino"]
[Result "1/2-1/2"]
[WhiteElo "2303"]
[BlackElo "2557"]
[Annotator "Fritz 5.32 (10s)"]
[PlyCount "195"]
[EventDate "1999.??.??"]

1. d4 d5 2. c4 dxc4 3. e4 3... Nf6 $11 (3... b5 4. Nc3 c6 5. Nf3 $15) 4. e5 {
Raumvorteil} 4... Nd5 {Eine wichtige Figur} 5. Bxc4 Nc6 6. Bb3 Bf5 7. Ne2 7...
Ndb4 {Der rueckstaendige Bauer d4 wird angegriffen} 8. O-O 8... f6 $14 {
Staerkt g5} (8... e6 9. Nbc3 $11) 9. Ba4 9... fxe5 $14 (9... e6 10. exf6 Qxf6
11. a3 $14) 10. a3 $11 (10. Qb3 $5 10... a5 11. dxe5 $14) 10... Nd3 11. Bxc6+
bxc6 12. Qa4 Qd7 13. dxe5 13... Nxe5 {
Die Oeffnung der d-Linie verschafft Weiss Drohungen} 14. Rd1 14... Qe6 $2 $16 (
14... Nd3 $5 $11 $142 {sieht noch spielbar aus}) 15. Nd4 Qg6 16. Nxf5 Qxf5 17.
f4 $14 (17. Bf4 Rd8 18. Nc3 Nd3 19. Qxc6+ 19... Qd7 $16) 17... Nd7 18. Qxc6
Qc5+ 19. Qxc5 {Droht entscheidend Rxd7} 19... Nxc5 20. Be3 20... e6 $16 (20...
Nb3 21. Ra2 a6 22. Nc3 $14) 21. Nc3 21... a6 {Sichert b5} 22. b4 Nb7 23. Ne4
Bd6 24. Bd2 O-O 25. Ng5 Rae8 26. Rf1 h6 27. Ne4 e5 28. fxe5 $11 (28. Rac1 exf4
29. Nxd6 Nxd6 30. Bxf4 30... Nb5 $14) 28... Bxe5 29. Rxf8+ Kxf8 30. Re1 Kf7 31.
Kh1 Bd4 32. a4 Re6 33. Rf1+ 33... Kg6 {Schwarz erhaelt starke Initiative} 34.
Ng3 c5 35. Rf4 Be5 36. Re4 Rd6 37. Be1 Rd5 38. Nf1 cxb4 39. Bxb4 (39. Rxb4 $2
39... Rd1 40. Rb6+ 40... Nd6 $19) 39... Rd1 {Mit der Mattdrohung Rxf1} 40. Re1
40... Rxe1 {Droht Matt: Rxf1} 41. Bxe1 Nc5 42. a5 Nd3 43. Bg3 Bxg3 44. hxg3 $17
(44. Nxg3 44... Nc5 $15) 44... Kf5 45. Kg1 Nc5 46. Ne3+ 46... Ke4 {
Aktiver Koenig im Endspiel} 47. Kf2 Nd3+ 48. Ke2 48... Nc5 $11 (48... Ne5 $5
$17) 49. Kf2 Nb7 50. Nc2 Nxa5 51. Nb4 Nb3 52. Nxa6 g6 53. Nc7 Nd4 54. Ne8 Kf5
55. Nd6+ Ke6 56. Ne4 Ke5 57. Nd2 Nf5 58. Nf3+ 58... Ke4 {
Der schwarze Koenig wird gefaehrlich} 59. Nd2+ Kd3 60. Nf3 Ne7 61. g4 61... Nc6
$11 (61... Ke4 62. g3 $15) 62. Kg3 $15 (62. g5 62... h5 $11) 62... Ke3 63. Nh4
Ne5 64. Nf3 Nc6 65. Nh4 Ne5 66. Nf3 Nd7 67. Nh4 Nf8 68. Nf3 Ke4 69. Nd2+ Kd5
70. Nf3 70... Ke4 {Aktiver Koenig im Endspiel} 71. Nd2+ Ke5 72. Nf3+ Kd5 73. g5
h5 74. Kh4 Ke4 75. Nh2 Nd7 76. g4 hxg4 77. Kxg4 Ne5+ 78. Kg3 Kf5 79. Nf3 Nxf3
80. Kxf3 Kxg5 81. Kg3 Kh5 82. Kh3 g5 83. Kg3 Kg6 84. Kg4 Kf6 85. Kf3 Kf5 86.
Kg3 g4 87. Kf2 Kg5 88. Kg3 Kh5 89. Kf2 Kg6 90. Kg3 Kg5 91. Kf2 91... Kf4 {
Der schwarze Koenig wird gefaehrlich} 92. Kg2 Ke5 93. Kg3 Kf5 94. Kf2 Kf6 95.
Kg3 Kg5 96. Kf2 Kf5 97. Kg3 97... Ke4 {Schwarz aktiviert den Koenig} 98. Kxg4
1/2-1/2

[Event "ICS Rated blitz match"]
[Site "207.99.83.229"]
[Date "1999.07.19"]
[Round "?"]
[White "Hossa"]
[Black "Yeldnuh"]
[Result "0-1"]
[WhiteElo "2313"]
[BlackElo "2319"]
[PlyCount "47"]
[EventDate "1999.??.??"]

1. d4 Nf6 2. c4 e6 3. Nc3 Bb4 4. Bg5 c5 5. e4 Qa5 6. Bxf6 Bxc3+ 7. Ke2 Bxb2 8.
Bxg7 Rg8 9. Rb1 Bc3 10. Bf6 Rg6 11. e5 Qxa2+ 12. Kf3 Nc6 13. d5 Bxe5 14. Bh4
exd5 15. cxd5 d6 16. h3 Nd4+ 17. Ke3 Nf5+ 18. Ke4 Nxh4 19. Bb5+ Kd8 20. Ne2
Bf5+ 21. Ke3 Nxg2+ 22. Kf3 Bxb1 23. Rg1 Qa3+ 24. Bd3 {Hossa resigns} 0-1

[Event "ICS Rated blitz match"]
[Site "207.99.83.229"]
[Date "1999.07.19"]
[Round "?"]
[White "Beadle"]
[Black "Hossa"]
[Result "1-0"]
[WhiteElo "2650"]
[BlackElo "2299"]
[PlyCount "72"]
[EventDate "1999.??.??"]

1. e4 Nf6 2. e5 Nd5 3. d4 d6 4. Nf3 Bg4 5. Be2 c6 6. O-O e6 7. c4 Nb6 8. exd6
Bxf3 9. gxf3 Bxd6 10. c5 Bxh2+ 11. Kxh2 Nd5 12. Nc3 O-O 13. Bd3 Qh4+ 14. Kg1
Nd7 15. Nxd5 cxd5 16. Be3 Rac8 17. Qb3 Rc7 18. Kg2 h6 19. Rh1 Qf6 20. Rac1 Kh8
21. Rh3 Nb8 22. Rch1 Kg8 23. Rg3 h5 24. Rxh5 g6 25. Rh6 Kg7 26. Bxg6 fxg6 27.
Qd3 Qf5 28. Qxf5 Rxf5 29. Rhxg6+ Kh8 30. Rg8+ Kh7 31. Rxb8 Rcf7 32. Ra8 a6 33.
Re8 R5f6 34. Rgg8 Rc7 35. Kf1 Rc6 36. Rh8+ 36... Kg7 {Hossa resigns} 1-0

[Event "ICS rated blitz match"]
[Site "207.99.83.229"]
[Date "1999.07.19"]
[Round "?"]
[White "Hossa"]
[Black "salzi"]
[Result "1-0"]
[WhiteElo "2303"]
[BlackElo "2118"]
[PlyCount "77"]
[EventDate "1999.??.??"]

1. d4 Nf6 2. c4 d6 3. Nc3 g6 4. e4 Bg7 5. f3 O-O 6. Nge2 e5 7. Be3 Nc6 8. Kf2
Ne8 9. Rb1 a5 10. d5 Ne7 11. Qd2 f5 12. Bh6 f4 13. Bxg7 Kxg7 14. Rd1 g5 15. g4
fxg3+ 16. hxg3 Nf6 17. Qxg5+ Kh8 18. Ke1 Qe8 19. Nb5 Qd8 20. Bh3 Bxh3 21. Rxh3
Rc8 22. Qh6 Qe8 23. Kd2 Qf7 24. Qg5 Rg8 25. Qe3 Ng6 26. Kc1 Nd7 27. Rdh1 Rg7
28. Rh6 Qf6 29. R1h5 Ndf8 30. Na7 Ra8 31. f4 exf4 32. gxf4 Qd8 33. Nb5 c6 34.
Nbd4 cxd5 35. Nf5 Rc7 36. Qd4+ Kg8 37. Qxd5+ Kh8 38. Qd4+ Kg8 39. Nxd6 {
salzi resigns} 1-0

[Event "ICS rated blitz match"]
[Site "207.99.83.229"]
[Date "1999.07.19"]
[Round "?"]
[White "jyrkip"]
[Black "Hossa"]
[Result "1/2-1/2"]
[WhiteElo "2015"]
[BlackElo "2311"]
[PlyCount "42"]
[EventDate "1999.??.??"]

1. d4 d5 2. Nf3 Nf6 3. c4 dxc4 4. Nc3 Nc6 5. e4 Bg4 6. Be3 e6 7. Bxc4 Bb4 8.
Qd3 Qd7 9. Bb5 Bxc3+ 10. bxc3 Bxf3 11. gxf3 O-O 12. Rg1 a6 13. Ba4 Ne5 14. Bxd7
Nxd3+ 15. Ke2 Nxd7 16. Bh6 Nb2 17. Bxg7 Rfc8 18. Rab1 Na4 19. Bh6+ Kh8 20. Bg7+
Kg8 21. Bh6+ 21... Kh8 {Game drawn by mutual agreement} 1/2-1/2

[Event "ICS rated blitz match"]
[Site "207.99.83.229"]
[Date "1999.07.19"]
[Round "?"]
[White "Hossa"]
[Black "rcardoso"]
[Result "1-0"]
[WhiteElo "2300"]
[BlackElo "2036"]
[PlyCount "61"]
[EventDate "1999.??.??"]

1. d4 d5 2. c4 c6 3. Nc3 e6 4. cxd5 cxd5 5. Bf4 Bd6 6. Bxd6 Qxd6 7. e4 dxe4 8.
Nxe4 Qb4+ 9. Qd2 Qxd2+ 10. Kxd2 Nc6 11. Nf3 Nge7 12. Nd6+ Kd7 13. Nxf7 Rf8 14.
N7e5+ Nxe5 15. Nxe5+ Ke8 16. Bb5+ Kd8 17. Rhf1 Ng6 18. Nxg6 hxg6 19. Rac1 Ke7
20. Rc7+ Kd8 21. Rxg7 a6 22. Bd3 Rh8 23. Rh1 Rf8 24. Ke3 Rf6 25. Bxg6 Bd7 26.
Rg8+ Kc7 27. Rxa8 Bc6 28. Rg8 Bxg2 29. Rc1+ Bc6 30. f4 Kb6 31. h4 {
rcardoso resigns} 1-0

[Event "ICS rated blitz match"]
[Site "207.99.83.229"]
[Date "1999.07.19"]
[Round "?"]
[White "mcchess"]
[Black "Hossa"]
[Result "0-1"]
[WhiteElo "2136"]
[BlackElo "2310"]
[PlyCount "35"]
[EventDate "1999.??.??"]

1. e4 Nf6 2. Qe2 d6 3. d3 Nc6 4. Nf3 Bg4 5. c3 e5 6. g3 d5 7. Bg2 dxe4 8. dxe4
Qd6 9. O-O O-O-O 10. Bg5 Qd3 11. Qxd3 Rxd3 12. Nbd2 h6 13. Bxf6 gxf6 14. Nc4
Bxf3 15. Bxf3 Rxf3 16. Ne3 Rg8 17. Rfd1 Bc5 18. Nf5 {mcchess resigns} 0-1

[Event "ICS rated blitz match"]
[Site "207.99.83.229"]
[Date "1999.07.19"]
[Round "?"]
[White "Hossa"]
[Black "mcchess"]
[Result "1-0"]
[WhiteElo "2319"]
[BlackElo "2127"]
[PlyCount "33"]
[EventDate "1999.??.??"]

1. d4 Nf6 2. c4 g6 3. Nc3 d5 4. cxd5 Nxd5 5. e4 Nxc3 6. bxc3 Bg7 7. Bc4 c5 8.
Ne2 O-O 9. O-O cxd4 10. cxd4 Nc6 11. Be3 a6 12. Rc1 Bd7 13. Qd2 b5 14. Bd5 Rc8
15. Bh6 Bh8 16. Bxf8 Bg7 17. Bxg7 {mcchess resigns} 1-0

[Event "ICS rated blitz match"]
[Site "207.99.83.229"]
[Date "1999.07.19"]
[Round "?"]
[White "Hossa"]
[Black "knightmare51"]
[Result "1/2-1/2"]
[WhiteElo "2327"]
[BlackElo "2176"]
[PlyCount "113"]
[EventDate "1999.??.??"]

1. d4 e6 2. c4 d5 3. Nc3 Nf6 4. Nf3 Be7 5. cxd5 exd5 6. Bf4 c6 7. e3 O-O 8. Bd3
Bg4 9. O-O Nbd7 10. Be2 Re8 11. Ne5 Bxe2 12. Qxe2 Nxe5 13. Bxe5 Nd7 14. Bg3 f5
15. Qf3 g6 16. Nxd5 cxd5 17. Qxd5+ Kg7 18. Qxb7 Qc8 19. Qd5 Nf6 20. Be5 Rd8 21.
Qb3 Qd7 22. Rac1 Qd5 23. Qxd5 Rxd5 24. Rc7 Kf8 25. Bxf6 Bxf6 26. Rxh7 Bg7 27.
Rc1 Rd7 28. Rh3 Rb8 29. Rc2 Rdb7 30. b3 a5 31. Kf1 a4 32. bxa4 Rb1+ 33. Ke2
R1b2 34. Kd3 Rxc2 35. Kxc2 Rb4 36. Rf3 Kg8 37. a3 Rxa4 38. Kb3 Ra7 39. a4 Bf8
40. g4 Rb7+ 41. Kc3 fxg4 42. Rg3 Kg7 43. Rxg4 Rb4 44. a5 Rb5 45. e4 Rxa5 46. f4
Ra3+ 47. Kc4 Kf7 48. h4 Ra4+ 49. Kd3 Ra3+ 50. Ke2 Ra4 51. f5 gxf5 52. exf5 Bg7
53. Kd3 Ra3+ 54. Ke2 Ra4 55. Kd3 Ra3+ 56. Ke2 Ra4 57. Kd3 {
Game drawn by repetition} 1/2-1/2

[Event "ICS rated blitz match"]
[Site "207.99.83.229"]
[Date "1999.07.19"]
[Round "?"]
[White "knightmare51"]
[Black "Hossa"]
[Result "0-1"]
[WhiteElo "2183"]
[BlackElo "2320"]
[PlyCount "60"]
[EventDate "1999.??.??"]

1. e4 Nf6 2. e5 Nd5 3. c4 Nb6 4. c5 Nd5 5. Nc3 Nxc3 6. bxc3 d6 7. Qb3 dxe5 8.
Bc4 e6 9. Nf3 e4 10. Ne5 Qg5 11. d4 Qxg2 12. Rf1 Qxh2 13. Ba3 Be7 14. c6 Nxc6
15. Nxc6 bxc6 16. O-O-O Bxa3+ 17. Qxa3 Qd6 18. Qa5 O-O 19. Rh1 Qf4+ 20. Rd2 Qf3
21. Rg1 e3 22. fxe3 Qxe3 23. Rh1 e5 24. dxe5 Qe4 25. Bd3 Qxh1+ 26. Kc2 Rb8 27.
Rd1 Qg2+ 28. Rd2 Rb2+ 29. Kxb2 Qxd2+ 30. Bc2 30... Bf5 {knightmare51 resigns}
0-1

[Event "ICS rated blitz match"]
[Site "207.99.83.229"]
[Date "1999.07.19"]
[Round "?"]
[White "pagoda"]
[Black "Hossa"]
[Result "0-1"]
[WhiteElo "2063"]
[BlackElo "2338"]
[PlyCount "38"]
[EventDate "1999.??.??"]

1. e4 Nf6 2. e5 Nd5 3. c4 Nb6 4. c5 Nd5 5. Bc4 e6 6. Nc3 Bxc5 7. Nxd5 exd5 8.
Bxd5 c6 9. Bb3 Qg5 10. g3 Qxe5+ 11. Ne2 O-O 12. O-O Re8 13. Nf4 Bd4 14. d3 d5
15. Rb1 Bd7 16. Bd2 Bxb2 17. Re1 Qf6 18. Rxe8+ Bxe8 19. Qe1 19... Nd7 {
pagoda resigns} 0-1

[Event "ICS rated blitz match"]
[Site "207.99.83.229"]
[Date "1999.07.19"]
[Round "?"]
[White "Hossa"]
[Black "pagoda"]
[Result "1-0"]
[WhiteElo "2343"]
[BlackElo "2058"]
[Annotator "Fritz 5.32 (16s)"]
[PlyCount "22"]
[EventDate "1999.??.??"]

1. d4 1... Nf6 {Opening = E30 - 4.Bg5(h6 5.Bh4 c5 6.d5 ---)} 2. c4 e6 3. Nc3
Bb4 4. Bg5 c5 5. e4 $17 (5. e3 Qa5 6. Bd3 Bxc3+ 7. bxc3 Qxc3+ 8. Kf1 cxd4 9.
Ne2 Qa5 10. Bxf6 gxf6 11. Nxd4 a6 12. g3 Nc6 13. Nxc6 bxc6 14. Qc2 h5 15. c5
Rb8 16. Kg2 Bb7 17. h4 d5 18. Rab1 e5 19. f3 Qc7 20. Rb6 Rg8 21. Bh7 Rg7 22.
Qf5 e4 23. f4 Bc8 24. Qxh5 Rxb6 25. cxb6 Qxb6 26. Re1 Bg4 27. Qh6 27... Qb2+ {
0-1 Ibrahim,E-Puuska,H/tt, Kuala Lumpur MAS (5) 1996 (27)}) (5. d5 d6 (5... h6
6. Bh4 b5 7. e4 exd5 8. exd5 O-O 9. Bd3 bxc4 10. Bxc4 Qe8+ 11. Nge2 Qe4 12.
Bxf6 Qxc4 13. Be5 Re8 14. f4 Bxc3+ 15. bxc3 Ba6 16. d6 16... Nc6 {
0-1 Sheldon,R-Hunt,H/Oxford ENG 1998 (16)}) 6. e3 (6. f3 O-O 7. e4 Re8 8. Qd2
b5 9. a3 Bxc3 10. bxc3 h6 11. Bf4 Bb7 12. Be2 e5 13. Be3 bxc4 14. Bxc4 Ba6 15.
Bxa6 Nxa6 16. Ne2 Rb8 17. O-O Nh7 18. Ng3 f6 19. Nf5 Ng5 20. Qf2 20... Kh7 {
Milov,V-Korchnoi,V/PCA Intel Speed Chess Grand Prix, Paris 1994/1-0 (43)}) 6...
Bxc3+ 7. bxc3 Qe7 8. Nf3 h6 9. Bh4 e5 10. Nd2 g5 11. Bg3 Bf5 12. f3 e4 13. h4
Rg8 14. hxg5 hxg5 15. fxe4 Bxe4 16. Qa4+ Nbd7 17. O-O-O Kf8 18. Re1 Ne5 19. Be2
19... Bxg2 {Sashikiran,K-Janssen,R/Calicut IND 1998/0-1 (31)}) (5. dxc5 $142 {
und Weiss spielt mit} 5... h6 6. Bh4 $11) 5... Qa5 6. Bxf6 $19 (6. Nge2 6...
Nxe4 $1 {ueberlaesst Schwarz die besseren Chancen} 7. Bd2 Nxd2 8. Qxd2 cxd4 9.
Nxd4 9... Nc6 $17) 6... Bxc3+ $1 {huebsch} (6... gxf6 $6 7. Nge2 $11) 7. Ke2
7... gxf6 $17 (7... Bxb2 8. Bxg7 Rg8 9. Rb1 $19) 8. bxc3 Qxc3 9. dxc5 Qxc4+ 10.
Kf3 Qxc5 11. Qc1 11... Qa3+ $4 $18 {wirft den sicheren Gewinn weg} (11... d6
$19 $142 {und aller Vorteil laege nun bei Schwarz}) 1-0

[Event "ICS rated blitz match"]
[Site "207.99.83.229"]
[Date "1999.07.19"]
[Round "?"]
[White "pagoda"]
[Black "Hossa"]
[Result "1-0"]
[WhiteElo "2053"]
[BlackElo "2348"]
[PlyCount "73"]
[EventDate "1999.??.??"]

1. e4 Nf6 2. e5 Nd5 3. c4 Nb6 4. c5 Nd5 5. Bc4 e6 6. Nc3 Bxc5 7. Bxd5 exd5 8.
Nxd5 c6 9. Ne3 Bxe3 10. dxe3 Qa5+ 11. Bd2 Qxe5 12. Nf3 Qxb2 13. Rb1 Qxa2 14.
Bb4 d5 15. O-O Nd7 16. Qd4 f6 17. Rfe1 Kf7 18. e4 c5 19. Bxc5 Nxc5 20. Qxc5
dxe4 21. Qc7+ Kg6 22. Nh4+ Kh5 23. g3 g5 24. Ng2 Kg6 25. Qe7 f5 26. h4 h6 27.
Rbd1 Qg8 28. Rd6+ Kh5 29. hxg5 Qf8 30. Qe5 Be6 31. Rxe6 Qc5 32. Qxc5 Raf8 33.
gxh6 Rhg8 34. Nf4+ Kg4 35. Qe3 a6 36. Qe2+ Kg5 37. Qh5# {Hossa checkmated} 1-0

[Event "ICS rated blitz match"]
[Site "207.99.83.229"]
[Date "1999.07.19"]
[Round "?"]
[White "Hossa"]
[Black "pagoda"]
[Result "1-0"]
[WhiteElo "2321"]
[BlackElo "2080"]
[Annotator "Fritz 5.32 (16s)"]
[PlyCount "23"]
[EventDate "1999.??.??"]

1. d4 1... Nf6 {Opening = E30 - 4.Bg5(h6 5.Bh4 c5 6.d5 ---)} 2. c4 e6 3. Nc3
Bb4 4. Bg5 c5 5. e4 $146 (5. e3 Qa5 6. Bd3 Bxc3+ 7. bxc3 Qxc3+ 8. Kf1 cxd4 9.
Ne2 Qa5 10. Bxf6 gxf6 11. Nxd4 a6 12. g3 Nc6 13. Nxc6 bxc6 14. Qc2 h5 15. c5
Rb8 16. Kg2 Bb7 17. h4 d5 18. Rab1 e5 19. f3 Qc7 20. Rb6 Rg8 21. Bh7 Rg7 22.
Qf5 e4 23. f4 Bc8 24. Qxh5 Rxb6 25. cxb6 Qxb6 26. Re1 Bg4 27. Qh6 27... Qb2+ {
0-1 Ibrahim,E-Puuska,H/tt, Kuala Lumpur MAS (5) 1996 (27)}) (5. d5 d6 (5... h6
6. Bh4 b5 7. e4 exd5 8. exd5 O-O 9. Bd3 bxc4 10. Bxc4 Qe8+ 11. Nge2 Qe4 12.
Bxf6 Qxc4 13. Be5 Re8 14. f4 Bxc3+ 15. bxc3 Ba6 16. d6 16... Nc6 {
0-1 Sheldon,R-Hunt,H/Oxford ENG 1998 (16)}) 6. e3 (6. f3 O-O 7. e4 Re8 8. Qd2
b5 9. a3 Bxc3 10. bxc3 h6 11. Bf4 Bb7 12. Be2 e5 13. Be3 bxc4 14. Bxc4 Ba6 15.
Bxa6 Nxa6 16. Ne2 Rb8 17. O-O Nh7 18. Ng3 f6 19. Nf5 Ng5 20. Qf2 20... Kh7 {
Milov,V-Korchnoi,V/PCA Intel Speed Chess Grand Prix, Paris 1994/1-0 (43)}) 6...
Bxc3+ 7. bxc3 Qe7 8. Nf3 h6 9. Bh4 e5 10. Nd2 g5 11. Bg3 Bf5 12. f3 e4 13. h4
Rg8 14. hxg5 hxg5 15. fxe4 Bxe4 16. Qa4+ Nbd7 17. O-O-O Kf8 18. Re1 Ne5 19. Be2
19... Bxg2 {Sashikiran,K-Janssen,R/Calicut IND 1998/0-1 (31)}) 5... Qa5 6. Bxf6
Bxc3+ 7. Ke2 gxf6 8. bxc3 Qxc3 9. dxc5 Qxc4+ 10. Kf3 Qxc5 11. Qc1 11... Qh5+ $4
$18 {und der Gewinn ist perdu} (11... d6 $19 $142 {
mit klarem Vorteil fuer Schwarz}) 12. g4 (12. g4 Qe5 13. Qxc8+ Ke7 14. Qxh8
Qxa1 15. Ne2 $18) 1-0

[Event "ICS rated blitz match"]
[Site "207.99.83.229"]
[Date "1999.07.19"]
[Round "?"]
[White "pagoda"]
[Black "Hossa"]
[Result "0-1"]
[WhiteElo "2074"]
[BlackElo "2327"]
[PlyCount "64"]
[EventDate "1999.??.??"]

1. e4 Nf6 2. e5 Nd5 3. c4 Nb6 4. c5 Nd5 5. Bc4 e6 6. Nc3 Bxc5 7. Bxd5 exd5 8.
Nxd5 c6 9. Ne3 Bxe3 10. dxe3 Qa5+ 11. Bd2 Qxe5 12. Nf3 Qxb2 13. Rb1 Qxa2 14.
Bb4 d5 15. O-O Nd7 16. Qd4 f6 17. Rfe1 Kf7 18. e4 c5 19. Bxc5 Nxc5 20. Qxc5
dxe4 21. Qc7+ Kg6 22. Nh4+ Kh5 23. g3 g5 24. Ng2 Kg6 25. h4 Re8 26. hxg5 fxg5
27. Rbd1 Qf7 28. Rd6+ Kg7 29. Qc3+ Kg8 30. Rf6 Qd5 31. Ne3 Qe5 32. Qc4+ 32...
Be6 {pagoda resigns} 0-1

[Event "ICS rated blitz match"]
[Site "207.99.83.229"]
[Date "1999.07.19"]
[Round "?"]
[White "Hossa"]
[Black "pagoda"]
[Result "1-0"]
[WhiteElo "2333"]
[BlackElo "2068"]
[PlyCount "34"]
[EventDate "1999.??.??"]

1. d4 Nf6 2. c4 e6 3. Nc3 Bb4 4. Bg5 c5 5. e4 Qa5 6. Bxf6 Bxc3+ 7. Ke2 gxf6 8.
bxc3 Qxc3 9. dxc5 Qxc4+ 10. Kf3 Qc3+ 11. Bd3 Nc6 12. Nh3 Qxc5 13. Rc1 Qe5 14.
Nf4 Nd4+ 15. Ke3 Rg8 16. Qh5 Qxh5 17. Nxh5 17... e5 {pagoda resigns} 1-0

[Event "ICS rated blitz match"]
[Site "207.99.83.229"]
[Date "1999.07.19"]
[Round "?"]
[White "pagoda"]
[Black "Hossa"]
[Result "0-1"]
[WhiteElo "2062"]
[BlackElo "2339"]
[PlyCount "38"]
[EventDate "1999.??.??"]

1. e4 Nf6 2. e5 Nd5 3. c4 Nb6 4. c5 Nd5 5. Bc4 e6 6. Nc3 Bxc5 7. Bxd5 exd5 8.
Nxd5 c6 9. Ne3 Bxe3 10. dxe3 Qa5+ 11. Bd2 Qxe5 12. Nf3 Qxb2 13. Rb1 Qxa2 14.
Bb4 d5 15. O-O Bf5 16. e4 Bxe4 17. Re1 Na6 18. Bd6 O-O-O 19. Bg3 19... Bxb1 {
pagoda resigns} 0-1

[Event "ICS rated blitz match"]
[Site "207.99.83.229"]
[Date "1999.07.19"]
[Round "?"]
[White "Hossa"]
[Black "pagoda"]
[Result "1-0"]
[WhiteElo "2344"]
[BlackElo "2057"]
[Annotator "Fritz 5.32 (16s)"]
[PlyCount "20"]
[EventDate "1999.??.??"]

1. d4 1... Nf6 {Opening = E30 - 4.Bg5(h6 5.Bh4 c5 6.d5 ---)} 2. c4 e6 3. Nc3
Bb4 4. Bg5 c5 5. e4 $17 (5. e3 Qa5 6. Bd3 Bxc3+ 7. bxc3 Qxc3+ 8. Kf1 cxd4 9.
Ne2 Qa5 10. Bxf6 gxf6 11. Nxd4 a6 12. g3 Nc6 13. Nxc6 bxc6 14. Qc2 h5 15. c5
Rb8 16. Kg2 Bb7 17. h4 d5 18. Rab1 e5 19. f3 Qc7 20. Rb6 Rg8 21. Bh7 Rg7 22.
Qf5 e4 23. f4 Bc8 24. Qxh5 Rxb6 25. cxb6 Qxb6 26. Re1 Bg4 27. Qh6 27... Qb2+ {
0-1 Ibrahim,E-Puuska,H/tt, Kuala Lumpur MAS (5) 1996 (27)}) (5. d5 d6 (5... h6
6. Bh4 b5 7. e4 exd5 8. exd5 O-O 9. Bd3 bxc4 10. Bxc4 Qe8+ 11. Nge2 Qe4 12.
Bxf6 Qxc4 13. Be5 Re8 14. f4 Bxc3+ 15. bxc3 Ba6 16. d6 16... Nc6 {
0-1 Sheldon,R-Hunt,H/Oxford ENG 1998 (16)}) 6. e3 (6. f3 O-O 7. e4 Re8 8. Qd2
b5 9. a3 Bxc3 10. bxc3 h6 11. Bf4 Bb7 12. Be2 e5 13. Be3 bxc4 14. Bxc4 Ba6 15.
Bxa6 Nxa6 16. Ne2 Rb8 17. O-O Nh7 18. Ng3 f6 19. Nf5 Ng5 20. Qf2 20... Kh7 {
Milov,V-Korchnoi,V/PCA Intel Speed Chess Grand Prix, Paris 1994/1-0 (43)}) 6...
Bxc3+ 7. bxc3 Qe7 8. Nf3 h6 9. Bh4 e5 10. Nd2 g5 11. Bg3 Bf5 12. f3 e4 13. h4
Rg8 14. hxg5 hxg5 15. fxe4 Bxe4 16. Qa4+ Nbd7 17. O-O-O Kf8 18. Re1 Ne5 19. Be2
19... Bxg2 {Sashikiran,K-Janssen,R/Calicut IND 1998/0-1 (31)}) (5. dxc5 $142 {
und Weiss kann noch kaempfen} 5... h6 6. Bh4 $11) 5... Qa5 6. Bxf6 $19 (6. Nge2
6... Nxe4 $1 {bringt Schwarz in Vorteil} 7. Bd2 Nxd2 8. Qxd2 cxd4 9. Nxd4 9...
Nc6 $17) 6... Bxc3+ $1 {Boing!} (6... gxf6 $6 7. Nge2 $11) 7. Ke2 7... gxf6 $17
(7... Bxb2 8. Bxg7 Rg8 9. Rb1 $19) 8. bxc3 Qxc3 9. dxc5 Qxc4+ 10. Kf3 10... Nc6
$4 $18 {und raufte sich die Haare} (10... Qxc5 $142 {
Schwarz haette nun das bessere Spiel} 11. g3 11... Nc6 $19) 1-0

[Event "ICS rated blitz match"]
[Site "207.99.83.229"]
[Date "1999.07.19"]
[Round "?"]
[White "pagoda"]
[Black "Hossa"]
[Result "0-1"]
[WhiteElo "2052"]
[BlackElo "2349"]
[PlyCount "48"]
[EventDate "1999.??.??"]

1. e4 Nf6 2. e5 Nd5 3. c4 Nb6 4. c5 Nd5 5. Bc4 e6 6. Nc3 Bxc5 7. Bxd5 exd5 8.
Nxd5 c6 9. Ne3 Bxe3 10. dxe3 Qa5+ 11. Bd2 Qxe5 12. Nf3 Qxb2 13. Rb1 Qxa2 14.
Bb4 d5 15. O-O Nd7 16. Qd4 f6 17. e4 Kf7 18. Rfe1 Re8 19. e5 Nxe5 20. Nxe5+
fxe5 21. Qh4 Kg8 22. Ra1 Qb2 23. Rab1 Qc2 24. Rbc1 24... Qf5 {pagoda resigns}
0-1

[Event "ICS rated blitz match"]
[Site "207.99.83.229"]
[Date "1999.07.19"]
[Round "?"]
[White "BabaHasan"]
[Black "Hossa"]
[Result "0-1"]
[WhiteElo "2185"]
[BlackElo "2354"]
[PlyCount "98"]
[EventDate "1999.??.??"]

1. e4 Nf6 2. e5 Nd5 3. c4 Nb6 4. c5 Nd5 5. Nc3 Nxc3 6. bxc3 d6 7. cxd6 exd6 8.
Nf3 Nc6 9. Bb5 Bg4 10. h3 Bd7 11. Qe2 Qe7 12. exd6 Qxe2+ 13. Bxe2 Bxd6 14. O-O
O-O 15. d4 Rae8 16. Be3 Re7 17. Rfe1 Rfe8 18. Bf1 Bf5 19. Bd2 a5 20. Rxe7 Rxe7
21. Re1 Rxe1 22. Nxe1 Be6 23. a4 Bb3 24. Bb5 Ne7 25. Bd7 c6 26. c4 b6 27. c5
Bc7 28. Nd3 Bxa4 29. cxb6 Bxb6 30. Nc5 Bb5 31. Bg5 Nd5 32. Bc1 a4 33. Ba3 g6
34. Bg4 f5 35. Bf3 Kf7 36. Bxd5+ cxd5 37. f3 f4 38. Kf2 g5 39. Ke1 Ba5+ 40. Kf2
Bc3 41. Nb7 Bxd4+ 42. Ke1 Bc3+ 43. Kf2 Kf6 44. Nd6 Bd3 45. g3 Bd4+ 46. Kg2 fxg3
47. Nb7 Bf2 48. Nc5 Bb5 49. Nd7+ 49... Bxd7 {BabaHasan resigns} 0-1